Missing Word: Cowboy Things Quiz Stats

 Plays Quiz Updated Sep 28, 2019

Score 0/13 Timer 04:00
0 Plays Today
Cowboy thing Missing word % Correct
___ CowboysDallas
93.3%
The Cowboy ___State
87.3%
Cowboys & ___Aliens
80.8%
___ CowboyMidnight
80%
___ CowboyRhinestone
76.3%
The ___ CowboySinging
56.7%
Cowboy ___Pool
50.6%
John B. Stetson's Cowboy ___Hat
47.3%
Cowboys from ___Hell
37.1%
___ CowboySpace
32.5%
Cowboy ___Bebop
20.6%
Cowboy ___Casanova
10.4%
Cowboy ___ VikingNinja
5.8%

Today's Daily Dose

Missing Word
Sherlocks

Word Ladder
King of the Hill

Quick Pick
Songs in Pink

Get the Picture
NBA Teammates

You're not logged in!

Compare scores with friends on all Sporcle quizzes.
OR
Log In

Sporcle TV

Today on Sporcle TV


Watch our educational content, quiz creation guides, and fun videos on Sporcle TV.

Show Comments

Extras

Top Quizzes Today


Score Distribution

Your Account Isn't Verified!

In order to create a playlist on Sporcle, you need to verify the email address you used during registration. Go to your Sporcle Settings to finish the process.

Report this User

Report this user for behavior that violates our Community Guidelines.

Details: